CUENTOS VIVIDOS Y CRONICAS SOÑADAS

Guardado en:
Detalles Bibliográficos
Autor principal: Urbina, Luis G. (autor)
Formato: Libro
Colección:ESCRITORES MEXICANOS 35
Temas:
Etiquetas: Agrega una etiqueta
Sin etiquetas, Sé el primero en etiquetar este registro!

MARC

LEADER 00000nam^a2200000^a^4500
001 000207213
005 20250521000000.0
009 20260310103214.313
035 |a 033527 
037 |a Acervo Xavier Clavigero 
082 |a 813. 0  |b URB 
100 |a Urbina, Luis G.  |e (autor) 
245 1 0 |a CUENTOS VIVIDOS Y CRONICAS SOÑADAS 
264 |a MEXICO :  |b PORRUA, S.A.,  |c 1946 
300 |a 336 p. 
336 |a texto  |b txt  |2 rdacontenido 
337 |a sin mediación  |b n  |2 rdamedio 
338 |a volumen  |b nc  |2 rdasoporte 
440 |a ESCRITORES MEXICANOS 35 
649 |a XX 
650 |a Literatura Mexicana 
910 |a Fondo General 
920 |a Impresos - Libros 
930 |a Colección General 
940 |a Literatura 
905 |a 101 
901 |a 033527  |b IT1  |c LIT  |i 033527  |u 20250521 
902 |a https://opac.biblio.iteso.mx/vufind/Record/000207213